LEADER 01215nam a2200277 u 4500 001 000000114249 003 CaOOAMICUS 005 20090116120143.0 008 090116s2008 it u000 u ita u 020 $z978-88-598-0322-5* 040 $aPUL$bita$dLDB 100 1 $aBianchi, Giorgio.$0(OLS)http://pul/name/67261 245 13$aIl bilancio delle società :$bprincipi di redazione e guida alla lettura /$cGiorgio Bianchi. 260 $aPadova :$bCEDAM,$c2008. 300 $axiii, 721 p. ;$c24 cm. 490 1 $aManuali professionali 504 $aBibliografia : p. [709]-716. 650 4$aImprese$xContabilità.$0(OLS)http://pul/subject/34456 650 4$aBilancio.$0(OLS)http://pul/subject/24358 830 0$aManuali professionali.$0(OLS)http://pul/title/143586 850 $aPUL 852 $aPUL$W1$xSL Diritto e Scienze Sociali 3$y79$m346. 45 BIAGI 3$j130552$qDDC 21$B129631$CPULBib$Z2$F129631 $H109086 $82 941 1 $a9 996 $6020$z978-88-598-0322-5*$9(OLS)http://pul/number/139433 996 $6245$aIl bilancio delle società :$bprincipi di redazione e guida alla lettura$9(OLS)http://pul/title/143585 996 $6260$aPadova :$bCEDAM$9(OLS)http://pul/publisher/48126 LEADER 01685nam a2200325 a 4500 001 000000138493 003 CaOOAMICUS 005 20140526111715.0 008 140526s2014 gw u000 u ger r 020 $a978-3-8306-7594-5 040 $aPUL$bita 082 04$a230.05 100 1 $aKarl, Siegfried.$0(OLS)http://pul/name/89281 245 10$aRatio und Affectus :$bzum Verhältnis von Vernunft und Affekt in den Orationes sive meditationes und im Prologion Anselms von Canterbury (1033/4 - 1109) /$cSiegfried Karl. 260 $aRoma :$bCentro Studi S. Anselmo,$c2014$aSt. Ottilien :$bEos Verlag 300 $aLXXII, 1118 p. ;$c24 cm 490 1 $aStudia Anselmiana ;$v160.$aPhilosophica ;$v07 504 $aInclude bibliografia 600 04$aAnselmus,$cs., arciv. di Canterbury,$d1033-1109$xFilosofia.$0(OLS)http://pul/subject/12107 830 0$aStudia Anselmiana ;$v160.$0(OLS)http://pul/title/554 830 0$aStudia Anselmiana.$pPhilosophica ;$v07.$0(OLS)http://pul/title/30695 850 $aPUL 852 $aPUL$W1$xSL Religione 3$y85$m230. 05 COLL 2.160$j159760$qDDC 21$B159272$CPULBib$Z2$F159272 $H124096 $82 941 1 $a9 996 $6020$a978-3-8306-7594-5$9(OLS)http://pul/number/155314 996 $6082$a230.05$9(OLS)http://pul/classification/102 996 $6245$aRatio und Affectus :$bzum Verhältnis von Vernunft und Affekt in den Orationes sive meditationes und im Prologion Anselms von Canterbury (1033/4 - 1109)$9(OLS)http://pul/title/175304 996 $6260$aRoma :$bCentro Studi S. Anselmo$9(OLS)http://pul/publisher/58086 996 $6260$aSt. Ottilien :$bEos Verlag$9(OLS)http://pul/publisher/66979 LEADER 01364nam a2200313 a 4500 001 000000163234 003 CaOOAMICUS 005 20171009100645.0 008 171009s2017 it u000 u ita r 020 $z978-88-08-52104-0* 032 $aLibriCat 040 $aPUL$bita 082 04$a349.45 100 1 $aDe Nictolis, Rosanna.$0(OLS)http://pul/name/70229 245 12$aI nuovi appalti pubblici : appalti e concessioni dopo il d.lgs. 56/2017 /$cRosanna De Nictolis. 260 $aBologna :$bZanichelli,$c2017. 300 $aXCVIII, 2430 p. ;$c25 cm. 490 1 $aLe riforme del diritto italiano ;$v23 504 $aBibliografia in nota. 650 4$aAppalti$xLegislazione$zItalia.$0(OLS)http://pul/subject/33607 830 3$aLe riforme del diritto italiano (Zanichelli) ;$v23.$0(OLS)http://pul/title/138577 850 $aPUL 852 $aPUL$W1$xSL Diritto e Scienze Sociali 3$y79$m349. 45 COLL 1.23$j187286$qDDC 21$B190449$CPULBib$Z2$F190449 $H130125 $81 941 1 $a9 996 $6020$z978-88-08-52104-0*$9(OLS)http://pul/number/163187 996 $6082$a349.45$9(OLS)http://pul/classification/1808 996 $6245$aI nuovi appalti pubblici : appalti e concessioni dopo il d.lgs. 56/2017$9(OLS)http://pul/title/202968 996 $6260$aBologna :$bZanichelli$9(OLS)http://pul/publisher/48255